Logo BPK

Bibliografia Prac Pracowników

Politechniki Koszalińskiej

Infrared investigation of thyristor structures using induction heating / (Rekord nr 32)

Szczegóły MARC
000 -ETYKIETA REKORDU
podpole kontrolne o stałej długości 01997naa a2200253 i 4500
001 - NUMER KONTROLNY REKORDU
podpole kontrolne 32
003 - IDENTYFIKATOR NUMERU KONTROLNEGO REKORDU
podpole kontrolne KOSZ 005
005 - DATA OSTATNIEJ MODYFIKACJI REKORDU
podpole kontrolne 20180427091000.0
008 - POLE O STAŁEJ DŁUGOŚCI - DANE KONTROLNE
podpole kontrolne o stałej długości 151102s2002 pl f |100 0 eng
040 ## - ŹRÓDŁO KATALOGOWANIA
Instytucja, która utworzyła rekord BPK
041 ## - KOD JĘZYKA
Kod języka tekstu eng
044 ## - KOD KRAJU WYDAWCY/PRODUCENTA
Kod kraju wydawcy/producenta POL
080 ## - UNIWERSALNA KLASYFIKACJA DZIESIĘTNA - UKD
UKD 621.392.3
100 1# - NAZWA OSOBOWA
Nazwa osobowa SUSZYŃSKI, Zbigniew.
Lata pracy 1996 - .
Instytucja Politechnika Koszalińska - Wydział Elektroniki,
Wydział Katedra Elektroniki Ciała Stałego
245 10 - TYTUŁ/ODPOWIEDZIALNOŚĆ
Tytuł Infrared investigation of thyristor structures using induction heating /
Pozostałe elementy strefy tytułu i oznaczenia odpowiedzialności Z. Suszyński, R. Arsoba, A. Napieralski, W. Tylman.
500 ## - UWAGI OGÓLNE
Tekst uwagi Dane z Informatora o publikowanych wynikach prac naukowo-badawczych w 2002 roku Wydziału Elektroniki.
520 ## - UWAGA DOTYCZĄCA TREŚCI DOKUMENTU
Analiza dokumentacyjna, adnotacja itp. The paper presents non-destructive method of investigation of multilayer structures containing conducting, material, such as thyristor structures. The proposed method is based on induction heating of examined object and infrared detection of temperature field. Infrared images of examined thyristor structures registered with the help of this method are presented. Short discussion of advantages and disadvantages of the method is also included. It was found that obtained images require image processing to retrieve information about internal defects of examined object. Applied algorithms ensure satisfactory quality of images. This quality is sufficient to determine areas with defects. The main benefit from usage of the proposed method is extremely short time of registration. Therefore, this method can be applied in industry for quality assessment of thyristor structures. Obtained preliminary results confirm usability of the method.
650 #0 - HASŁO PRZEDMIOTOWE W FORMIE NAZWY OGÓLNEJ LUB JEDNOSTKOWEJ
Nazwa ogólna lub geograficzna Tyrystory.
655 #0 - TERMIN INDEKSOWY - OKREŚLENIE RODZAJU/FORMY DOKUMENTU
Określnie rodzaju/formy dokumentu Materiały konferencyjne.
700 1# - HASŁO DODATKOWE - NAZWA OSOBOWA
Nazwa osobowa ARSOBA, Robert.
Lata pracy 1996 - .
Instytucja Politechnika Koszalińska - Wydział Elektroniki,
Wydział Katedra Inżynierii Komputerowej
711 22 - HASŁO DODATKOWE - NAZWA IMPREZY
Nazwa imprezy MIXDES'2002
Oznaczenie części/sekcji dzieła (9 ;
Data imprezy 2002 ;
Miejsce imprezy Wrocław, Polska).
773 0# - TYTUŁ DOKUMENTU MACIERZYSTEGO
Wyrażenie wprowadzające W :
Tytuł IX International Conference Mixed Design. -
Informacje dotyczące relacji 2002, s. 381-384
942 ## - HASŁO DODATKOWE - ELEMENTY(KOHA)
Typ dokumentu Artykuł
Schemat klasyfikacji Uniwersalna klasyfikacja dziesiętna

Brak dostępnych egzemplarzy.

© 2014 Biblioteka Politechniki Koszalińskiej :: BIBLIOGRAFIA PRAC PRACOWNIKÓW